Zdravá délka života v současné české populaci

Súčasný stav zdravia obyvateľstva, zdravej dĺžky života v Českej republike. Metódy výpočtu indikátorov zdravotného stavu a zdrojové údaje. Subjektívne zdravie, chronická nemocnosť a obmedzenie aktivít v českej populácii 2005. Stredné dĺžky života podľa zdravotného stavu. Faktory subjektívne vnímanéh...

Descrizione completa

Salvato in:
Dettagli Bibliografici
Autore principale: Rychtaříková, Jitka
Natura: Capitolo di libro
Lingua:ceco
Soggetti:
Tags: Aggiungi Tag
Nessun Tag, puoi essere il primo ad aggiungerne!!

MARC

LEADER 00000naa$a2200000$$$4500
001 0046636
005 20220715114623.5
041 0 |a cze 
044 |a CZ 
245 1 0 |a Zdravá délka života v současné české populaci  |c Jitka Rychtaříková 
520 |a Súčasný stav zdravia obyvateľstva, zdravej dĺžky života v Českej republike. Metódy výpočtu indikátorov zdravotného stavu a zdrojové údaje. Subjektívne zdravie, chronická nemocnosť a obmedzenie aktivít v českej populácii 2005. Stredné dĺžky života podľa zdravotného stavu. Faktory subjektívne vnímaného zdravia. 
610 2 0 |a zdravie 
610 2 0 |a vek 
610 2 0 |a populácia 
610 2 0 |a Česko 
610 2 0 |a ukazovatele 
610 2 0 |a metodika 
610 2 0 |a zisťovanie štatistické 
610 2 0 |a zisťovanie výberové 
610 2 0 |a chorobnosť 
610 2 0 |a muži 
610 2 0 |a ženy 
100 1 |a Rychtaříková, Jitka